| 000 | 00689cam a22002055a 4500 | ||
|---|---|---|---|
| 001 | L149934 | ||
| 008 | 100518e2010 xxk 000 0 eng d | ||
| 035 | _a(Sirsi) u149934 | ||
| 041 | 0 | _aeng | |
| 050 | _a332.72 $1 8 | ||
| 100 | 1 | _aMansfield, John | |
| 245 | 0 | 0 |
_aSustainable refurbishment _bpolicy direction and support in the UK |
| 260 | _c2009 | ||
| 490 |
_aStructural Survey _v27(2) 148-161(14) |
||
| 520 | _aCritically reviews international and UK policy for the development of international policy direction for sustainability in the built environment | ||
| 590 | _aKA | ||
| 651 | 4 | _aUnited Kingdom | |
| 690 | _aBUILT ENVIRONMENT-SUSTAINABLE CONSTRUCTION | ||
| 942 |
_n0 _2ddc |
||
| 999 |
_c82338 _d82338 |
||